| 000 | 01149nam a2200229Ia 4500 | ||
|---|---|---|---|
| 001 | L000-12 | ||
| 003 | IT-CnALBA | ||
| 008 | 170116s9999||||xx |||||||||||||| ||und|| | ||
| 040 |
_aIT-CnALBA _cIT-CnALBA |
||
| 041 | _aITALIANO | ||
| 100 | _aAA. VV. | ||
| 245 | 0 | _aLE FONTI DEL SAPERE VOL. III | |
| 250 | _a1a ed. | ||
| 260 |
_bFENU ANTONIO' _c1965 [1° Ed.:1965 - Ed.Ling.Originale: 1965] |
||
| 300 | _a382 p. | ||
| 500 | _aALIMENTAZIONE UMANA. ARMI E ARMATURE. ARTE. ARTI MINORI. CASA E ARREDAMENTO CHIMICA CITTÀ COMUNICAZIONI E TRSPORTI. ESPLORATORI E NAVIGATORI. FILOSOFI. FISICA E GEOGRAFIA. GEOLOGIA. INDUSTRIA. INVENZIONI E SCOPERTE. LETTERATURA. MUSICA. NUMISMATICA. SOCIE | ||
| 501 | _aSocietà San Paolo EM - Piazza San Paolo, 14 - 12051 ALBA (CN) (non commercial uses only) ® Copyright 2017 | ||
| 520 | _aALIMENTAZIONE UMANA. ARMI E ARMATURE. ARTE. ARTI MINORI. CASA E ARREDAMENTO CHIMICA CITTÀ COMUNICAZIONI E TRSPORTI. ESPLORATORI E NAVIGATORI. FILOSOFI. FISICA E GEOGRAFIA. GEOLOGIA. INDUSTRIA. INVENZIONI E SCOPERTE. LETTERATURA. MUSICA. NUMISMATICA. SOCIE | ||
| 650 | _aGENERALITÀ | ||
| 942 | _cBK | ||
| 957 | _71 | ||
| 999 |
_a21 _bNO _g Copie: 1 _c259249 _d259249 |
||